[Event "Stuttgart-chB int"]
[Site "Ditzingen"]
[Date "2018.05.10"]
[Round "1"]
[White "Jantos, Stefan"]
[Black "Steinmassl, Guido"]
[Result "1-0"]
[WhiteElo "1831"]
[BlackElo "1630"]
[PlyCount "109"]
[EventDate "2018.05.10"]
[EventType "swiss"]
[EventRounds "7"]
[EventCountry "GER"]
[SourceTitle "EXT 2020"]
[Source "ChessBase"]
[SourceDate "2019.10.17"]
[SourceVersion "1"]
[SourceVersionDate "2019.10.17"]
[SourceQuality "1"]

1. e4 e5 2. Nf3 Nc6 3. d4 exd4 4. Nxd4 d6 5. Nc3 Nf6 6. Bc4 Be7 7. 0-0 0-0 8. h3 Re8 9. Be3 Bf8 10. Bg5 Ne5 11. Bb3 h6 12. Bxf6 gxf6 13. Qh5 Be6 14. Nf5 c6 15. Nxh6+ Bxh6 16. Qxh6 Bxb3 17. axb3 Ng6 18. Rfd1 a6 19. Rd3 Qe7 20. Rad1 Rad8 21. Qd2 Qe5 22. Rxd6 Rc8 23. Qd4 Kg7 24. Rd7 Qg5 25. Ne2 Ne5 26. Rd3 Nxd3 27. Qxd3 Qe5 28. Ng3 Rc7 29. Nf5+ Kg6 30. Qe3 Rh8 31. Qf3 Rh5 32. Ne7+ Kg7 33. Rxc7 Qxc7 34. Qxh5 Qxe7 35. Qf3 Qb4 36. Kh2 Qd2 37. Qc3 Qd7 38. Qg3+ Kf8 39. Qf4 Ke7 40. h4 Qd4 41. c3 Qb6 42. b4 a5 43. e5 fxe5 44. Qxe5+ Kd7 45. Qf5+ Ke8 46. Qxa5 Qxf2 47. Qa8+ Kd7 48. Qxb7+ Kd6 49. Qb8+ Kd7 50. Qg3 Qxb2 51. h5 Qe2 52. h6 Ke8 53. Qg8+ Ke7 54. Qg5+ Ke8 55. h7 1-0

[Event "Stuttgart-chB int"]
[Site "Ditzingen"]
[Date "2016.05.08"]
[Round "7"]
[White "Schneider, Waldemar"]
[Black "Steinmassl, Guido"]
[Result "1/2-1/2"]
[WhiteElo "1818"]
[BlackElo "1622"]
[PlyCount "64"]
[EventDate "2016.05.05"]
[EventType "swiss"]
[EventRounds "7"]
[EventCountry "GER"]
[SourceTitle "EXT 2018"]
[Source "ChessBase"]
[SourceDate "2017.10.13"]
[SourceVersion "1"]
[SourceVersionDate "2017.10.13"]
[SourceQuality "1"]

1. d4 e6 2. Nf3 Nf6 3. e3 b6 4. c4 Bb7 5. Nc3 Bb4 6. Bd2 0-0 7. Bd3 c5 8. 0-0 Bxc3 9. Bxc3 d6 10. b3 Nbd7 11. Qc2 Re8 12. Ng5 Nf8 13. Rad1 h6 14. Ne4 Bxe4 15. Bxe4 Nxe4 16. Qxe4 Qe7 17. Qg4 Nh7 18. f4 Nf6 19. Qf3 Rad8 20. h3 d5 21. dxc5 Ne4 22. Bd4 b5 23. Bb2 f5 24. cxd5 exd5 25. Be5 Rd7 26. Kh2 Qf7 27. Rg1 Kh7 28. g4 Rg8 29. h4 g6 30. Rg2 Qe6 31. Rdg1 Rdd8 32. g5 h5 1/2-1/2

[Event "Stuttgart-chB op"]
[Site "Ditzingen"]
[Date "2015.05.17"]
[Round "7"]
[White "Steinmassl, Guido"]
[Black "Funk, Christian"]
[Result "1/2-1/2"]
[WhiteElo "1636"]
[BlackElo "1450"]
[PlyCount "111"]
[EventDate "2015.05.17"]
[EventType "swiss"]
[EventRounds "7"]
[EventCountry "GER"]
[SourceTitle "EXT 2018"]
[Source "ChessBase"]
[SourceDate "2017.10.13"]
[SourceVersion "1"]
[SourceVersionDate "2017.10.13"]
[SourceQuality "1"]

1. c4 Nf6 2. Nc3 e6 3. g3 Bb4 4. Bg2 0-0 5. d4 d5 6. Bf4 Nc6 7. Rb1 b6 8. Qc2 Nxd4 9. Qd3 Nf5 10. a3 Bxc3+ 11. bxc3 Ba6 12. Nf3 Bxc4 13. Qc2 Rc8 14. Ne5 c5 15. Qa4 a5 16. Nxc4 dxc4 17. Qxc4 Ne7 18. Rd1 Qe8 19. Qb3 Nfd5 20. Bd6 Rd8 21. Bxe7 Qxe7 22. Bxd5 exd5 23. Qxb6 Rfe8 24. 0-0 a4 25. Qc6 c4 26. Qxa4 Ra8 27. Qc6 Rxa3 28. Rfe1 Qe6 29. Qxd5 Qxd5 30. Rxd5 Rxc3 31. Ra1 g6 32. Rd7 Rc2 33. e3 c3 34. Rc7 Rb8 35. Raa7 Rf8 36. Ra3 Rc1+ 37. Kg2 c2 38. Rac3 Rd8 39. Rxc2 Rxc2 40. Rxc2 Rd7 41. e4 Kg7 42. Re2 Re7 43. f4 h5 44. Kf3 Kf6 45. Rb2 Ra7 46. Rb6+ Kg7 47. Rb3 Kf6 48. h3 Ra1 49. e5+ Ke6 50. Rb6+ Ke7 51. Rb3 Rf1+ 52. Kg2 Ra1 53. Rd3 Ra2+ 54. Kf3 Ra1 55. g4 h4 56. Ke4 1/2-1/2

[Event "Stuttgart-chB int"]
[Site "Ditzingen"]
[Date "2014.05.30"]
[Round "4"]
[White "Steinhart, Matthias"]
[Black "Steinmassl, Guido"]
[Result "1/2-1/2"]
[WhiteElo "1779"]
[BlackElo "1617"]
[PlyCount "62"]
[EventDate "2014.05.29"]
[EventType "swiss"]
[EventRounds "7"]
[EventCountry "GER"]
[SourceTitle "EXT 2015"]
[Source "ChessBase"]
[SourceDate "2014.11.20"]
[SourceVersion "1"]
[SourceVersionDate "2014.11.20"]
[SourceQuality "1"]

1. e4 c5 2. Nf3 Nc6 3. d4 cxd4 4. Nxd4 Nf6 5. Nc3 d6 6. Bg5 e6 7. Qd2 a6 8. 0-0-0 Bd7 9. f3 b5 10. g4 h6 11. Be3 b4 12. Nce2 a5 13. Nxc6 Bxc6 14. Nd4 Qd7 15. Nxc6 Qxc6 16. Bd3 Rb8 17. Kb1 Be7 18. h4 Nd7 19. g5 Nc5 20. gxh6 gxh6 21. Bxh6 Bf6 22. Bg5 Bxb2 23. Kxb2 Na4+ 24. Ka1 Nc3 25. Bf6 e5 26. Rb1 Rg8 27. Rb2 Qc5 28. Qe1 Qd4 29. Bg5 Na4 30. Bc1 Ke7 31. Qe3 Qc3 1/2-1/2

[Event "Stuttgart-chB int"]
[Site "Ditzingen"]
[Date "2014.05.29"]
[Round "2"]
[White "Juettner, Maik"]
[Black "Steinmassl, Guido"]
[Result "0-1"]
[WhiteElo "1505"]
[BlackElo "1617"]
[PlyCount "51"]
[EventDate "2014.05.29"]
[EventType "swiss"]
[EventRounds "7"]
[EventCountry "GER"]
[SourceTitle "EXT 2015"]
[Source "ChessBase"]
[SourceDate "2014.11.20"]
[SourceVersion "1"]
[SourceVersionDate "2014.11.20"]
[SourceQuality "1"]

1. d4 Nf6 2. Nf3 e6 3. e3 b6 4. Bd3 Bb7 5. Nbd2 c5 6. c3 d5 7. 0-0 Nbd7 8. Re1 Be7 9. Qc2 0-0 10. e4 c4 11. Bf1 dxe4 12. Ng5 b5 13. Ndxe4 Qc7 14. Nxf6+ Nxf6 15. h4 h6 16. Nh3 Bd6 17. g3 Qc6 18. f3 Qxf3 19. Bg2 Qxg3 20. Re3 Qxg2+ 21. Qxg2 Bxg2 22. Kxg2 Rfe8 23. Rf3 Nd5 24. Nf2 e5 25. Ne4 Bc7 26. Bxh6 0-1

[Event "Stuttgart-chB int"]
[Site "Ditzingen"]
[Date "2014.05.29"]
[Round "3"]
[White "Steinmassl, Guido"]
[Black "Wezel, Sebastian"]
[Result "1/2-1/2"]
[WhiteElo "1617"]
[BlackElo "1843"]
[PlyCount "55"]
[EventDate "2014.05.29"]
[EventType "swiss"]
[EventRounds "7"]
[EventCountry "GER"]
[SourceTitle "EXT 2015"]
[Source "ChessBase"]
[SourceDate "2014.11.20"]
[SourceVersion "1"]
[SourceVersionDate "2014.11.20"]
[SourceQuality "1"]

1. e4 c5 2. Nf3 Nc6 3. d4 cxd4 4. Nxd4 Nf6 5. Nc3 d6 6. Bg5 e6 7. f3 a6 8. Qd2 Bd7 9. 0-0-0 h6 10. Be3 b5 11. Nxc6 Bxc6 12. g4 Qc7 13. g5 hxg5 14. Bxg5 b4 15. Ne2 d5 16. Bf4 e5 17. exd5 Bxd5 18. Qe3 Bd6 19. Rg1 0-0-0 20. Bg3 Bc5 21. Qxe5 Qxe5 22. Bxe5 Bxg1 23. Nxg1 Bb7 24. Bh3+ Nd7 25. Bxg7 Rh7 26. Bf6 Bc6 27. Bxd8 Kxd8 28. Rd4 1/2-1/2

[Event "Stuttgart-chB int"]
[Site "Ditzingen"]
[Date "2013.05.10"]
[Round "4"]
[White "Steinmassl, Guido"]
[Black "Wenzel, Ulrich"]
[Result "1/2-1/2"]
[WhiteElo "1599"]
[BlackElo "1767"]
[PlyCount "101"]
[EventDate "2013.05.09"]
[EventType "swiss"]
[EventRounds "7"]
[EventCountry "GER"]
[SourceTitle "EXT 2014"]
[Source "ChessBase"]
[SourceDate "2013.11.20"]
[SourceVersion "1"]
[SourceVersionDate "2013.11.20"]
[SourceQuality "1"]

1. d4 Nf6 2. c4 g6 3. g3 Bg7 4. Bg2 0-0 5. Nc3 d6 6. Nf3 Nc6 7. 0-0 e5 8. Bg5 exd4 9. Nxd4 Nxd4 10. Qxd4 h6 11. Bxf6 Bxf6 12. Qd2 Bg7 13. e4 Be6 14. b3 Qc8 15. Rad1 Bxc3 16. Qxc3 Bh3 17. Rfe1 Bxg2 18. Kxg2 b6 19. e5 dxe5 20. Rxe5 Re8 21. Rde1 Qd7 22. f3 Rxe5 23. Qxe5 Rd8 24. Re2 Qd6 25. Qc3 c5 26. Qe3 Qd3 27. Qe7 Qd7 28. a4 Qxe7 29. Rxe7 a5 30. Rb7 Rd6 31. Kf2 Kg7 32. Ke3 Kf6 33. f4 h5 34. h3 Ke6 35. g4 hxg4 36. hxg4 f5 37. g5 Rc6 38. Rg7 Rd6 39. Rxg6+ Ke7 40. Rxd6 Kxd6 41. Kf3 Ke6 42. Kg3 Kf7 43. Kh3 Kg7 44. Kg3 Kf7 45. Kg2 Kg7 46. Kh2 Kf7 47. g6+ Kxg6 48. Kg3 Kh5 49. Kh3 Kg6 50. Kh2 Kh5 51. Kg3 1/2-1/2

[Event "Stuttgart-chB int"]
[Site "Ditzingen"]
[Date "2013.05.09"]
[Round "1"]
[White "Steinhart, Matthias"]
[Black "Steinmassl, Guido"]
[Result "1/2-1/2"]
[WhiteElo "1783"]
[BlackElo "1599"]
[PlyCount "80"]
[EventDate "2013.05.09"]
[EventType "swiss"]
[EventRounds "7"]
[EventCountry "GER"]
[SourceTitle "EXT 2014"]
[Source "ChessBase"]
[SourceDate "2013.11.20"]
[SourceVersion "1"]
[SourceVersionDate "2013.11.20"]
[SourceQuality "1"]

1. e4 c5 2. Nf3 e6 3. b4 Nf6 4. e5 Ne4 5. d3 Nxf2 6. Kxf2 cxb4 7. d4 d5 8. Bd3 Be7 9. Rf1 Bd7 10. Kg1 b5 11. Qe2 Qb6 12. Qf2 Nc6 13. Be3 h6 14. Qg3 g5 15. Nbd2 0-0-0 16. Rfb1 Na5 17. Nb3 Nc4 18. Bc1 Rdg8 19. Qe1 g4 20. Nfd2 a5 21. Qf2 Be8 22. Nf1 h5 23. Bd2 Rg7 24. Bxc4 bxc4 25. Nc5 Qc7 26. Re1 c3 27. Bf4 Bb5 28. a3 Bxc5 29. dxc5 Qc6 30. axb4 axb4 31. Ra7 Kb8 32. Rea1 Rc8 33. Be3 Rc7 34. Rxc7 Qxc7 35. Qf6 Rg8 36. Ng3 h4 37. Nh5 h3 38. g3 Rd8 39. Bd4 Be2 40. Qf2 Bf3 1/2-1/2

[Event "Stuttgart-chB int"]
[Site "Ditzingen"]
[Date "2012.05.19"]
[Round "5"]
[White "Nusser, Jens"]
[Black "Steinmassl, Guido"]
[Result "1-0"]
[WhiteElo "1823"]
[BlackElo "1567"]
[PlyCount "60"]
[EventDate "2012.05.17"]
[EventType "swiss"]
[EventRounds "7"]
[EventCountry "GER"]
[SourceTitle "EXT 2018"]
[Source "ChessBase"]
[SourceDate "2017.10.13"]
[SourceVersion "1"]
[SourceVersionDate "2017.10.13"]
[SourceQuality "1"]

1. d4 Nf6 2. c4 g6 3. Nc3 Bg7 4. e4 d6 5. f4 0-0 6. Nf3 c5 7. d5 Na6 8. Be2 Re8 9. 0-0 Ng4 10. h3 Nh6 11. Be3 f6 12. Qd2 Nf7 13. g4 e5 14. fxe5 fxe5 15. Ng5 Re7 16. Nxf7 Rxf7 17. Rxf7 Kxf7 18. Rf1+ Kg8 19. Bg5 Qd7 20. Bd1 Bf8 21. Ba4 Qg7 22. Bf6 Qh6 23. Qxh6 Bxh6 24. Be7 Be3+ 25. Kg2 Nb4 26. Bxd6 Nd3 27. Rf8+ Kg7 28. Bd7 Bxd7 29. Rxa8 Bg5 30. Rxa7 Kh6 1-0

[Event "Stuttgart-chB int"]
[Site "Gerlingen"]
[Date "2011.06.04"]
[Round "6"]
[White "Uhlarz, Joerg"]
[Black "Steinmassl, Guido"]
[Result "1-0"]
[WhiteElo "1775"]
[BlackElo "1615"]
[PlyCount "59"]
[EventDate "2011.06.02"]
[EventType "swiss"]
[EventRounds "7"]
[EventCountry "GER"]
[SourceTitle "EXT 2018"]
[Source "ChessBase"]
[SourceDate "2017.10.13"]
[SourceVersion "1"]
[SourceVersionDate "2017.10.13"]
[SourceQuality "1"]

1. d4 f5 2. c4 e6 3. Nc3 Bb4 4. g3 Nf6 5. Bg2 0-0 6. Nh3 Bxc3+ 7. bxc3 d5 8. cxd5 exd5 9. 0-0 Ne4 10. Qb3 Kh8 11. a4 Nc6 12. f3 Nf6 13. Ba3 Re8 14. Ng5 Qd7 15. e4 Ne7 16. e5 Nh5 17. f4 Qc6 18. Bxe7 Rxe7 19. Bxd5 Qb6 20. Nf7+ Kg8 21. Nd6+ Kf8 22. Qxb6 cxb6 23. a5 bxa5 24. Rxa5 g6 25. Nxc8 Rxc8 26. Rxa7 Rxc3 27. Ra8+ Kg7 28. Bf3 Rb3 29. d5 b5 30. d6 1-0

[Event "Stuttgart-chB int"]
[Site "Gerlingen"]
[Date "2011.06.03"]
[Round "3"]
[White "Steinmassl, Guido"]
[Black "Wunder, Anton"]
[Result "1-0"]
[WhiteElo "1615"]
[BlackElo "1423"]
[PlyCount "53"]
[EventDate "2011.06.02"]
[EventType "swiss"]
[EventRounds "7"]
[EventCountry "GER"]
[SourceTitle "EXT 2018"]
[Source "ChessBase"]
[SourceDate "2017.10.13"]
[SourceVersion "1"]
[SourceVersionDate "2017.10.13"]
[SourceQuality "1"]

1. e4 e5 2. Bc4 Nf6 3. Nc3 Bc5 4. d3 d6 5. Bg5 c6 6. Qd2 b5 7. Nxb5 cxb5 8. Bd5 h6 9. Bxf6 Qxf6 10. Bxa8 Be6 11. b4 Bb6 12. Bd5 Bxd5 13. exd5 e4 14. Rc1 exd3 15. cxd3 0-0 16. Nh3 Qe5+ 17. Kd1 Qxd5 18. Nf4 Qd4 19. Re1 d5 20. Rc2 g5 21. Nh5 f6 22. Qe3 Qxb4 23. Qe6+ Kh8 24. Qf5 Qd6 25. Qg6 Qd7 26. Qxh6+ Qh7 27. Qxf8+ 1-0

[Event "Stuttgart-chB int"]
[Site "Ditzingen"]
[Date "2010.05.16"]
[Round "7"]
[White "Steinmassl, Guido"]
[Black "Mejerski, Stephan"]
[Result "1/2-1/2"]
[WhiteElo "1550"]
[BlackElo "1635"]
[PlyCount "38"]
[EventDate "2010.05.13"]
[EventType "swiss"]
[EventRounds "7"]
[EventCountry "GER"]
[SourceTitle "EXT 2018"]
[Source "ChessBase"]
[SourceDate "2017.10.13"]
[SourceVersion "1"]
[SourceVersionDate "2017.10.13"]
[SourceQuality "1"]

1. Nf3 c5 2. c4 Nc6 3. g3 d6 4. Bg2 Nf6 5. Nc3 Bd7 6. d4 cxd4 7. Nxd4 e5 8. Nxc6 Bxc6 9. e4 Be7 10. 0-0 0-0 11. Be3 Bd7 12. f3 a6 13. Qe2 Rc8 14. Rfd1 Be6 15. Nd5 Nxd5 16. cxd5 Bd7 17. Qd2 f5 18. Rac1 Rxc1 19. Qxc1 fxe4 1/2-1/2